[Event "Astrakhan op"]
[Site "Astrakhan"]
[Date "2011.08.25"]
[Round "9.2"]
[White "Semyonov, Konstantin"]
[Black "Aliyev, Elnur Fakhraddin Og"]
[Result "1/2-1/2"]
[WhiteElo "2311"]
[BlackElo "2219"]
[PlyCount "76"]
[EventDate "2011.08.17"]
[EventType "swiss"]
[EventRounds "9"]
[EventCountry "RUS"]
[SourceTitle "EXT 2022"]
[Source "ChessBase"]
[SourceDate "2021.10.06"]
[SourceVersion "1"]
[SourceVersionDate "2021.10.06"]
[SourceQuality "1"]

1. d4 Nf6 2. c4 e6 3. Nf3 d5 4. e3 c5 5. Nc3 Nc6 6. cxd5 exd5 7. Be2 Bd6 8. 0-0 0-0 9. b3 Re8 10. Bb2 cxd4 11. Nxd4 Nxd4 12. Qxd4 Be5 13. Qd2 Bf5 14. Bf3 Ne4 15. Bxe4 dxe4 16. Qxd8 Raxd8 17. Rfd1 Bg4 18. Rxd8 Rxd8 19. Na4 Bxb2 20. Nxb2 b5 21. h3 Rd2 22. hxg4 Rxb2 23. a4 b4 24. Rc1 h5 25. gxh5 Rxb3 26. Rc7 a5 27. Rc5 Rb1+ 28. Kh2 Rf1 29. Kg3 b3 30. Rb5 Ra1 31. Rxb3 Rxa4 32. Rb7 Rb4 33. Ra7 Rb5 34. Kf4 Rxh5 35. Kxe4 Rb5 36. f4 g6 37. g4 Kg7 38. Kd4 Rb4+ 1/2-1/2

[Event "Astrakhan op"]
[Site "Astrakhan"]
[Date "2011.08.24"]
[Round "8.3"]
[White "Sergeyev, Dmitriy"]
[Black "Semyonov, Konstantin"]
[Result "1/2-1/2"]
[WhiteElo "2086"]
[BlackElo "2311"]
[PlyCount "56"]
[EventDate "2011.08.17"]
[EventType "swiss"]
[EventRounds "9"]
[EventCountry "RUS"]
[SourceTitle "EXT 2022"]
[Source "ChessBase"]
[SourceDate "2021.10.06"]
[SourceVersion "1"]
[SourceVersionDate "2021.10.06"]
[SourceQuality "1"]

1. e4 c5 2. Nf3 Nc6 3. Nc3 d6 4. d4 cxd4 5. Nxd4 Nf6 6. Bg5 e6 7. Qd2 Be7 8. 0-0-0 a6 9. f3 Bd7 10. h4 Nxd4 11. Qxd4 Bc6 12. g4 Qa5 13. Kb1 Rd8 14. Be3 d5 15. Qb6 Qxb6 16. Bxb6 Rc8 17. g5 Nd7 18. exd5 Nxb6 19. dxc6 Rxc6 20. Bd3 0-0 21. Be4 Rc7 22. f4 Nd7 23. Ne2 Nc5 24. Bf3 Rd8 25. Rxd8+ Bxd8 26. Rd1 Be7 27. Nc3 b5 28. Ne4 Nxe4 1/2-1/2

[Event "Astrakhan op"]
[Site "Astrakhan"]
[Date "2011.08.23"]
[Round "7.6"]
[White "Semyonov, Konstantin"]
[Black "Sokolov, Vladimir"]
[Result "1-0"]
[WhiteElo "2311"]
[BlackElo "2031"]
[PlyCount "99"]
[EventDate "2011.08.17"]
[EventType "swiss"]
[EventRounds "9"]
[EventCountry "RUS"]
[SourceTitle "EXT 2022"]
[Source "ChessBase"]
[SourceDate "2021.10.06"]
[SourceVersion "1"]
[SourceVersionDate "2021.10.06"]
[SourceQuality "1"]

1. e4 d5 2. exd5 Nf6 3. d4 Nxd5 4. Nf3 g6 5. c4 Nb6 6. Nc3 Bg7 7. h3 0-0 8. Be2 Nc6 9. Be3 Na5 10. b3 c5 11. Rc1 cxd4 12. Bxd4 Nc6 13. Bxg7 Kxg7 14. 0-0 Re8 15. Re1 h6 16. Bd3 Nd7 17. Bb1 b6 18. Qd2 Bb7 19. Rcd1 Nf6 20. Qb2 Qb8 21. Nd5 e5 22. b4 Re6 23. Rd2 Nd7 24. Nf4 Re7 25. b5 Na5 26. Qc3 Qc7 27. Rxd7 Rxd7 28. Nxe5 Kg8 29. Nxd7 Qxd7 30. Qf6 Re8 31. Rxe8+ Qxe8 32. Bd3 Qe1+ 33. Bf1 Qe4 34. Nd5 Nxc4 35. Ne7+ Kf8 36. Nxg6+ Qxg6 37. Qxg6 fxg6 38. Bxc4 Ke7 39. f4 Be4 40. g4 Kd6 41. Kf2 Kc5 42. Bf1 Kb4 43. Ke3 Bd5 44. a4 Kxa4 45. Kd4 Bf7 46. Ke5 Be8 47. f5 gxf5 48. gxf5 Bf7 49. Kf6 Bd5 50. Ke7 1-0

[Event "Astrakhan op"]
[Site "Astrakhan"]
[Date "2011.08.17"]
[Round "1.3"]
[White "Semyonov, Konstantin"]
[Black "Belova, Svetlana"]
[Result "1-0"]
[WhiteElo "2311"]
[BlackElo "1659"]
[PlyCount "75"]
[EventDate "2011.08.17"]
[EventType "swiss"]
[EventRounds "9"]
[EventCountry "RUS"]
[SourceTitle "EXT 2022"]
[Source "ChessBase"]
[SourceDate "2021.10.06"]
[SourceVersion "1"]
[SourceVersionDate "2021.10.06"]
[SourceQuality "1"]

1. d4 Nf6 2. c4 d5 3. cxd5 Nxd5 4. e4 Nb6 5. Nf3 g6 6. Be2 Bg7 7. h3 0-0 8. 0-0 Nc6 9. Be3 e5 10. d5 Ne7 11. Nc3 f5 12. Qb3 Kh8 13. Ng5 h6 14. Ne6 Bxe6 15. dxe6 fxe4 16. Rfd1 Qc8 17. a4 c6 18. Bxb6 axb6 19. Rd7 Nd5 20. Nxd5 cxd5 21. Qxd5 Qc6 22. Bb5 Qxd5 23. Rxd5 Bf6 24. Re1 Rad8 25. Bd7 Kg7 26. Rxe4 g5 27. Rb4 Ra8 28. Rxb6 Rab8 29. Rdb5 Rfd8 30. Rxb7 Rxb7 31. Rxb7 Be7 32. b4 Kf6 33. a5 Bd6 34. a6 Ra8 35. a7 e4 36. Bc6 e3 37. fxe3 Kxe6 38. Rh7 1-0

[Event "Nevinnomyssk 2B"]
[Site "Nevinnomyssk"]
[Date "2009.02.25"]
[Round "6"]
[White "Khudinov, Mergen"]
[Black "Semyonov, Konstantin"]
[Result "0-1"]
[WhiteElo "2061"]
[BlackElo "2235"]
[PlyCount "64"]
[EventDate "2009.02.21"]
[EventType "tourn"]
[EventRounds "10"]
[EventCountry "RUS"]
[SourceTitle "EXT 2022"]
[Source "ChessBase"]
[SourceDate "2021.10.06"]
[SourceVersion "1"]
[SourceVersionDate "2021.10.06"]
[SourceQuality "1"]

1. c4 e5 2. Nc3 d6 3. g3 Be6 4. Bg2 c6 5. d3 g6 6. f4 Bg7 7. e4 Ne7 8. Nf3 0-0 9. Be3 exf4 10. gxf4 d5 11. cxd5 cxd5 12. Nd4 Nbc6 13. e5 Bh6 14. 0-0 Nxe5 15. Qb3 Qd7 16. Rae1 Nxd3 17. Rd1 Nc5 18. Qa3 b6 19. Bc1 Bg7 20. b4 Nb7 21. Nxe6 fxe6 22. Bh3 Nf5 23. Ne4 Kh8 24. Rfe1 h6 25. Kh1 Qf7 26. Ng3 Nbd6 27. Nxf5 gxf5 28. b5 Nxb5 29. Qe3 Nc3 30. Rd2 Ne4 31. Rg2 Rg8 32. Reg1 Bf6 0-1

[Event "Astrakhan Cup"]
[Site "Astrakhan"]
[Date "2008.08.??"]
[Round "?"]
[White "Semyonov, Konstantin"]
[Black "Soshnikov, Mikhail"]
[Result "0-1"]
[WhiteElo "2240"]
[BlackElo "2407"]
[PlyCount "132"]
[EventDate "2008.08.??"]
[EventType "tourn"]
[EventRounds "11"]
[EventCountry "RUS"]
[EventCategory "3"]
[SourceTitle "EXT 2010"]
[Source "ChessBase"]
[SourceDate "2010.11.25"]
[SourceVersion "1"]
[SourceVersionDate "2010.11.25"]
[SourceQuality "1"]

1. d4 e6 2. c4 b6 3. Nf3 Bb7 4. Nc3 Bb4 5. Qc2 Nf6 6. Bg5 h6 7. Bd2 c5 8. a3 cxd4 9. Nxd4 Bc5 10. Nf3 0-0 11. e3 d5 12. cxd5 exd5 13. Be2 Nc6 14. 0-0 d4 15. exd4 Nxd4 16. Nxd4 Qxd4 17. Be3 Qe5 18. Bxc5 Qxc5 19. Rac1 Qg5 20. f3 Rac8 21. Bd3 Nd5 22. Rfe1 Nxc3 23. bxc3 Bxf3 24. Qf2 Ba8 25. h4 Qc5 26. Qxc5 Rxc5 27. Re7 a5 28. Be4 Bxe4 29. Rxe4 Rfc8 30. Re3 b5 31. Rb1 Rxc3 32. Rxc3 Rxc3 33. Rxb5 Rxa3 34. Rb7 g6 35. Ra7 Ra4 36. g3 Ra2 37. Kf1 Kg7 38. Ra6 a4 39. Kg1 a3 40. Kh1 h5 41. Kg1 Ra1+ 42. Kg2 a2 43. Kh2 Kf8 44. Ra7 f6 45. Kg2 Ke8 46. Kh2 Kd8 47. Kg2 Kc8 48. Kh2 Kb8 49. Ra3 Kb7 50. Kg2 Kb6 51. Kh2 Kc5 52. Kg2 Kc4 53. Kh2 Kb4 54. Ra8 Kb3 55. Rb8+ Kc3 56. Rc8+ Kd3 57. Rd8+ Ke3 58. Re8+ Kf2 59. Ra8 Kf1 60. Ra7 Re1 61. Rxa2 Re2+ 62. Rxe2 Kxe2 63. Kg2 f5 64. Kg1 Kf3 65. Kh2 Kf2 66. Kh3 Kg1 0-1